Statistics for NBA Superstars Career Stats Quiz

Click here to take the quiz!

General Stats

  • This quiz has been taken 89 times
  • The average score is 73 of 96

Answer Stats

Answer % Correct
.2
99%
3.0
96%
.5
94%
2.4
94%
2.7
94%
.7
94%
27
94%
.4
93%
2.6
92%
19
92%
2.3
92%
25
92%
2.5
92%
.6
92%
1.9
92%
2.2
90%
.9
90%
1.3
90%
1.5
90%
22
90%
.8
90%
1.7
90%
10
89%
1.4
89%
1.6
89%
3.2
88%
1.1
87%
3.3
83%
4.5
79%
4.1
77%
3.6
77%
3.7
76%
4.7
76%
4.4
74%
5.4
71%
5.8
71%
5.2
70%
5.3
70%
6.2
67%
6.6
67%
7.4
67%
7.2
67%
6.3
65%
7.1
64%
7.5
64%
6.7
63%
9.5
60%
30.1
60%
10.1
56%
10.5
55%
22.9
55%
20.7
54%
27.2
52%
11.2
51%
10.8
50%
23.5
50%
25.7
49%
24.3
48%
10.9
45%
24.6
44%
13.1
44%
23.7
44%
25.9
44%
19.5
43%
17.8
43%
16.8
38%

Score Distribution

Percentile by Number Answered

Percent of People with Each Score

Your Score History

You have not taken this quiz